[Event "San Francisco TNM Summer op"]
[Site "San Francisco"]
[Date "2015.06.16"]
[Round "4"]
[White "Polyakova, Nina"]
[Black "Allen, Tom"]
[Result "0-1"]
[WhiteElo "1491"]
[BlackElo "1491"]
[PlyCount "52"]
[EventDate "2015.05.26"]
[EventType "swiss"]
[EventRounds "8"]
[EventCountry "USA"]
[SourceTitle "EXT 2016"]
[Source "ChessBase"]
[SourceDate "2015.10.08"]
[SourceVersion "1"]
[SourceVersionDate "2015.10.08"]
[SourceQuality "1"]

1. e4 e5 2. Nf3 Nc6 3. Nc3 Nf6 4. Bc4 Bb4 5. Nb5 Nxe4 6. c3 Be7 7. Nxe5 Nxe5 8. Nd4 Nxc4 9. Nf5 d5 10. 0-0 Bxf5 11. Qa4+ Bd7 12. Qd1 0-0 13. d3 Nxf2 14. Qc2 Bc5 15. dxc4 Qh4 16. b4 Bd6 17. Rxf2 Qxh2+ 18. Kf1 Qh1+ 19. Ke2 Rfe8+ 20. Kd3 dxc4+ 21. Kxc4 Qh4+ 22. Kb3 Be6+ 23. Ka4 a5 24. g3 Qc4 25. Rf4 b5+ 26. Ka3 axb4+ 0-1

[Event "San Francisco TNM Summer op"]
[Site "San Francisco"]
[Date "2015.06.09"]
[Round "3"]
[White "Polyakova, Nina"]
[Black "Eytan, David"]
[Result "0-1"]
[WhiteElo "1491"]
[BlackElo "1576"]
[PlyCount "36"]
[EventDate "2015.05.26"]
[EventType "swiss"]
[EventRounds "8"]
[EventCountry "USA"]
[SourceTitle "EXT 2016"]
[Source "ChessBase"]
[SourceDate "2015.10.08"]
[SourceVersion "1"]
[SourceVersionDate "2015.10.08"]
[SourceQuality "1"]

1. e4 c5 2. Nf3 Nc6 3. Nc3 d6 4. d3 g6 5. Bg5 h6 6. Bh4 g5 7. Bg3 Bg7 8. Na4 Qa5+ 9. Nc3 Bxc3+ 10. Ke2 Nd4+ 11. Nxd4 Bxd4 12. c3 Bg7 13. d4 Bd7 14. e5 cxd4 15. cxd4 Bb5+ 16. Ke3 0-0-0 17. Rc1+ Kb8 18. Rc2 dxe5 0-1